Nahum, Habakkuk and Zephaniah : (Record no. 276)
[ view plain ]
| 000 -LEADER | |
|---|---|
| fixed length control field | 00874cam a22002412 4500 |
| 001 - CONTROL NUMBER | |
| control field | 0000000842 |
| 005 - DATE AND TIME OF LATEST TRANSACTION | |
| control field | 20151021151049.0 |
| 008 - FIXED-LENGTH DATA ELEMENTS--GENERAL INFORMATION | |
| fixed length control field | 070221s xx 000 0 eng d |
| 020 ## - INTERNATIONAL STANDARD BOOK NUMBER | |
| International Standard Book Number | 0851118453 : |
| Terms of availability | KES 790 |
| 040 ## - CATALOGING SOURCE | |
| Original cataloging agency | KABU |
| Transcribing agency | KABU |
| 050 #0 - LIBRARY OF CONGRESS CALL NUMBER | |
| Classification number | BS1625.3 |
| Item number | .B34 1988 |
| 100 1# - MAIN ENTRY--PERSONAL NAME | |
| Personal name | Baker, David W. |
| -- | 0000149182 |
| 245 10 - TITLE STATEMENT | |
| Title | Nahum, Habakkuk and Zephaniah : |
| Remainder of title | an introduction and commentary / |
| Statement of responsibility, etc. | by David W. Baker. |
| 260 ## - PUBLICATION, DISTRIBUTION, ETC. (IMPRINT) | |
| Place of publication, distribution, etc. | Leicester : |
| Name of publisher, distributor, etc. | Inter Varsity Press, |
| Date of publication, distribution, etc. | 1988. |
| 300 ## - PHYSICAL DESCRIPTION | |
| Extent | 121 p. |
| 440 #4 - SERIES STATEMENT/ADDED ENTRY--TITLE | |
| Title | The Tyndale Old Testament commentaries |
| -- | 0000149187 |
| 630 00 - SUBJECT ADDED ENTRY--UNIFORM TITLE | |
| Uniform title | Bible. O.T. |
| Name of part/section of a work | O.T. |
| -- | Nahum. |
| General subdivision | Critical studies. |
| -- | 0000159823 |
| 630 00 - SUBJECT ADDED ENTRY--UNIFORM TITLE | |
| Uniform title | Bible. |
| Name of part/section of a work | O.T. |
| -- | Habakkuk. |
| General subdivision | Commentaries. |
| -- | 0000159824 |
| 630 00 - SUBJECT ADDED ENTRY--UNIFORM TITLE | |
| Uniform title | Bible. |
| Name of part/section of a work | O.T. |
| -- | Zephaniah. |
| General subdivision | Commentaries. |
| -- | 0000159825 |
| 908 ## - PUT COMMAND PARAMETER (RLIN) | |
| Put command parameter | 070221 |
| 950 ## - LOCAL HOLDINGS (RLIN) | |
| -- | 1 |
| Withdrawn status | Lost status | Source of classification or shelving scheme | Not for loan | Home library | Current library | Date acquired | Total Checkouts | Full call number | Barcode | Date last seen | Price effective from | Koha item type | Date last checked out |
|---|---|---|---|---|---|---|---|---|---|---|---|---|---|
| Library of Congress Classification | Kabarak, Main Campus | Kabarak, Main Campus | 17/12/2015 | 1 | BS1625.3 .B34 1988 | 000084 | 01/12/2025 | 17/12/2015 | General Collection | 11/11/2025 | |||
| Library of Congress Classification | Kabarak, Nakuru City Campus | Kabarak, Nakuru City Campus | 21/10/2015 | BS1625.3 .B34 1988 c. 1 | 003005 | 21/10/2015 | 21/10/2015 | General Collection |